Normal view
MARC view
- Breast
Entry Topical Term
001 - CONTROL NUMBER
- control field: 114226
003 - CONTROL NUMBER IDENTIFIER
- control field: NUST
005 - DATE AND TIME OF LATEST TRANSACTION
- control field: 20230821103803.0
008 - FIXED-LENGTH DATA ELEMENTS
- fixed length control field: 230821|| aca||aabn | a|a d
040 ## - CATALOGING SOURCE
- Original cataloging agency: NUST
- Transcribing agency: NUST
150 ## - HEADING--TOPICAL TERM
- Topical term or geographic name entry element: Breast
670 ## - SOURCE DATA FOUND
- Source citation: Work cat.: (NUST): Jatoi, Ismail 114225, Atlas of Breast Surgery /, 2020.
